Items and objects in LOTR and other Tolkien’s works - Statistics

General Stats
  • This quiz has been taken 100 times
  • The average score is 9 of 13
Answer Stats
Hint Answer % Correct
What Gollum’s diet consists of Fish
93%
A sustainable food from Lórien Lembas
88%
The object Sauron desires most One Ring
83%
Pippin steals this from Gandalf Palantir
83%
The three gems that Melkor sought Silmarils
80%
The Heart of the Mountain The Arkenstone
79%
The Sword that was Broken (renamed) Anduril
78%
The name of Gandalf’s sword Glamdring
78%
Bilbo loses lots of these squeezing through a door Buttons
73%
Frodo looks into this in Lothlórien The Mirror
73%
An object used commonly by halflings Pipe
55%
Gimli is gifted three of these by Galadriel Strands of Hair
42%
An item dropped by Pippin when carried off by orcs Brooch
26%
No matching quizzes found
Score Distribution
Percent of People with Each Score
Percentile by Number Answered
Your Score History
You have not taken this quiz